000 01033nas a2200337 4500
001 BR2014003364
003 BR-BrBNA
005 20231205124112.0
007 ta
008 230509b bl.|||p| |||| 00| 00por d
040 _aBR-BrBNA
_bpor
_cBiblioteca Nacional de Agricultura
041 _a(Pt)
072 _aL50; L02
100 1 _aNunes, A.S.
100 1 _aOliveira, R.L.
100 1 _aAyres, M.C.C.
100 1 _aBagaldo, A.R.
100 1 _aGercez Neto, A.F.
100 1 _aBarbosa, L.P.
245 1 _aCondição hepática de cordeiros mantidos com dietas contendo torta de dendê proveniente da produção de biodiesel
650 _aCORDEIRO
650 _aDIETA
650 _aBIOQUÍMICA
650 _aFÍGADO
650 _aTORTA
650 _aDENDÊ
773 0 _tRevista Brasileira de Zootecnia (Brazil)
_xISSN 1806-9290
_g(Aug 2010), v. 39(8) p. 1825-1831
_wBR2014003364
856 4 0 _uhttp://www.scielo.br/pdf/rbz/v39n8/v39n8a27.pdf
909 _a202311
_bLúcia
_c55
_dLúcia Elande
942 _2AGRIS
_n0
_cANA
999 _c237304
_d237304